000 00785nam a22002177a 4500
999 _c11013
_d11013
003 AR-CdUCM
008 190402b ||||| |||| 00| 0 spa d
020 _a9972-1-0171 -1
040 _aMUNICIPALIDAD PROVINCIAL DEL CUSCO
_cBIBLIOTECA MUNICIPAL DEL CUSCO
082 _aES / 373.300 /
_bC29
100 _aCastillo Morales, Juan
_927854
245 _aCiencias sociales :
_b2do de secundaria /
260 _aLima :
_bBruño,
300 _a255 paginas
_c28 cm.
505 _aContenido :Persona y sociedad -- Espacio y sociedad -- Tiempo y sociedad -- La conquista del tahuantinsuyo -- La expansión europea en América ...
650 _aHistoria general
_92009
650 _aHistoria del Perú
_9259
700 _aCastillo Muga, Juan
_928118
942 _2ddc
_cLIBROS
945 _arum